000 00280nam a22001217a 4500
020 _qPB.
040 _cFIZZA ISHAQ
082 _a624.1
245 _aMINIMUM DESIGN LOADS FOR BUILDINGS AND OTHER STRUCTURES /
260 _aASCE ;
_c2010.
300 _a608 P. ;
942 _2ddc
_cBK
999 _c588903
_d588903